Podnikateľský model v službách parkour a freerunning

Podnikateľské modely, ich zobrazovanie, trendy a súvisiace prístupy. Podnikateľský model slovenského podniku Skill LAB, ktorý pôsobí v oblasti služieb pre parkour a freerunning. Komparácia tohto podnikateľského modelu s modelmi APEX Movement a Tempest Freerunning (USA).

Salvato in:
Dettagli Bibliografici
Autore principale: Zagoršek, Branislav, 1984-
Natura: Capitolo di libro
Lingua:slovacco
Soggetti:
Tags: Aggiungi Tag
Nessun Tag, puoi essere il primo ad aggiungerne!!

MARC

LEADER 00000naa$a2200000$$$4500
001 0180292
005 20240502073053.1
041 0 |a slo 
044 |a SK 
245 1 0 |a Podnikateľský model v službách parkour a freerunning  |c Branislav Zagoršek 
520 |a Podnikateľské modely, ich zobrazovanie, trendy a súvisiace prístupy. Podnikateľský model slovenského podniku Skill LAB, ktorý pôsobí v oblasti služieb pre parkour a freerunning. Komparácia tohto podnikateľského modelu s modelmi APEX Movement a Tempest Freerunning (USA). 
610 2 0 |a podnikanie 
610 2 0 |a podnik 
610 2 0 |a modely 
610 2 0 |a šport 
610 2 0 |a telovýchova 
610 2 0 |a služby 
610 2 0 |a Slovensko 
610 2 0 |a USA 
100 1 |a Zagoršek, Branislav, 1984-